000 00426nam a2200157Ia 4500
003 GCL
008 140319s9999 xx 000 0 ara d
040 _aGCL /
_cGCL
082 0 4 _a842
_bج ا
100 1 _aجيرودو، جان
245 1 0 _aاليكترا /
_cجيرودو، جان
490 _aروائع المسرح العالمى
_v0
650 0 4 _aالمسرحيات
650 0 4 _aالمجموعات
942 _2ddc
_cBK
999 _c49502
_d49502